000 00769nam a2200265Ia 4500
003 OSt
005 20220925215204.0
006 a|||||r|||| 00| 0
007 ta
008 220923b |||||||| |||| 00| 0 eng d
037 _cGeneral Book
040 _aRTL
_cRTL
_beng
041 _2eng
_aeng
082 _aY:434.3.N6, K8
110 _aSOCIAL SCIENCE RESEARCH COUNCIL
_9282362
245 0 _aResearch on Poverty
260 _aLondon
_bHeinemann
_c1968
300 _aix, 37p
_ccm.
490 _aSocial Science Research Council, Review of Current Research
500 _aBibliography p34-37
650 _aPoverty
700 _aSOCIAL SCIENCE RESEARCH COUNCIL
_9282363
942 _hY:434.3.N6, K8
_cGB
_2CC
999 _c568164
_d568164